000 00437nam a2200121 a 4500
008 120416s9999 xx |||||||||||||| || u
050 _aNA 7850.G7 Bon
100 _aBoniface, Priscilla
245 1 0 _aHotels and restaurants
246 _a1830 to the present day
350 _a0.00
995 _D0.00
_FCBU-MAIN LIBRARY (Kitwe)
_H1
_I4.95
_UAVAILABLE
_ZMain Library Open Access Collection
999 _c45680
_d45680